Fr. Conceicao Rodrigues College of Engineering

Metal casting and joining (Record no. 23902)

MARC details
000 -LEADER
fixed length control field 00322nam a2200145Ia 4500
100 ## - MAIN ENTRY--PERSONAL NAME
Personal name John/K.C
245 ## - TITLE STATEMENT
Title Metal casting and joining
260 ## - PUBLICATION, DISTRIBUTION, ETC.
Name of publisher, distributor, etc. Prentice -Hall of India
Date of publication, distribution, etc. 2015
366 ## - TRADE AVAILABILITY INFORMATION
Publishers's discount category 25
300 ## - PHYSICAL DESCRIPTION
Extent 554
546 ## - LANGUAGE NOTE
Language note ENGLISH
-- Info.Tech
650 ## - SUBJECT ADDED ENTRY--TOPICAL TERM
Topical term or geographic name entry element Metal Casting
654 ## - SUBJECT ADDED ENTRY--FACETED TOPICAL TERMS
Focus term metal casting
942 ## - ADDED ENTRY ELEMENTS (KOHA)
Koha item type BOOK
Holdings
Withdrawn status Lost status Damaged status Not for loan Collection Home library Current library Date acquired Source of acquisition Cost, normal purchase price Inventory number Total Checkouts Full call number Barcode Date last seen Cost, replacement price Price effective from Koha item type
        CRC Fr. Agnel's C.Rodrigues College of Engineering Fr. Agnel's C.Rodrigues College of Engineering 17/03/2023 Allied Publishers 371.25 930 dt 17.01.2017   24652 17/03/2023 495.00   BOOK